[Event "Subotica-ch op"]
[Site "Subotica"]
[Date "2020.02.28"]
[Round "3"]
[White "Mojzes, Aleksandar"]
[Black "Meszaros, Bela"]
[Result "1/2-1/2"]
[WhiteElo "2002"]
[BlackElo "2199"]
[PlyCount "101"]
[EventDate "2020.02.24"]
[EventType "swiss"]
[EventRounds "9"]
[EventCountry "SRB"]
[SourceTitle "CBM 195 Extra"]
[Source "ChessBase"]
[SourceDate "2020.05.31"]
[SourceVersion "1"]
[SourceVersionDate "2020.05.31"]
[SourceQuality "1"]

1. g3 Nf6 2. Bg2 g6 3. e4 d6 4. d4 Bg7 5. Nc3 0-0 6. Nge2 Nc6 7. h3 e5 8. Be3 a6 9. a4 Re8 10. 0-0 Bd7 11. d5 Na5 12. Qd3 b6 13. b4 Nb7 14. a5 b5 15. Nd1 c5 16. dxc6 Bxc6 17. Ndc3 Rc8 18. Rac1 h6 19. f4 exf4 20. Nxf4 Nd7 21. Nfd5 Ne5 22. Qd2 Nc4 23. Qf2 Nxe3 24. Qxe3 Bd7 25. Ne2 Be6 26. Nef4 Rc4 27. c3 g5 28. Nxe6 fxe6 29. Qa7 Qb8 30. Qxb8 Rxb8 31. Ne7+ Kh8 32. Rf7 Nd8 33. Rf3 Rb7 34. Ng6+ Kh7 35. Nf8+ Kg8 36. Ng6 Rbc7 37. Rd1 Nf7 38. e5 d5 39. Bf1 Rxc3 40. Bd3 Rxd3 41. Rfxd3 Kh7 42. Nf4 gxf4 43. gxf4 Bf8 44. f5 Rc6 45. fxe6 Rxe6 46. Rf3 Kg6 47. Rdf1 Nxe5 48. Rxf8 Nd3 49. R1f3 Nxb4 50. Rg3+ Kh7 51. Rf7+ 1/2-1/2

[Event "Subotica City-ch"]
[Site "Subotica"]
[Date "2019.03.15"]
[Round "9"]
[White "Jovanovic, Milan B"]
[Black "Meszaros, Bela"]
[Result "0-1"]
[WhiteElo "2013"]
[BlackElo "2198"]
[PlyCount "80"]
[EventDate "2019.02.25"]
[EventType "swiss"]
[EventRounds "9"]
[EventCountry "SRB"]
[SourceTitle "CBM 189 Extra"]
[Source "ChessBase"]
[SourceDate "2019.06.03"]
[SourceVersion "1"]
[SourceVersionDate "2019.06.03"]
[SourceQuality "1"]

1. e4 c5 2. Nc3 Nc6 3. f4 d6 4. Bb5 Bd7 5. Nf3 e6 6. 0-0 Be7 7. d3 Qc7 8. Kh1 a6 9. Bxc6 Bxc6 10. Qe1 0-0-0 11. a3 Nf6 12. b4 Nd7 13. Rb1 Bf6 14. bxc5 dxc5 15. e5 Be7 16. Nd2 h6 17. Nce4 f5 18. Nd6+ Bxd6 19. exd6 Qxd6 20. Nc4 Qd5 21. Qf2 g5 22. Re1 Kb8 23. Bb2 Rhg8 24. Re5 Nxe5 25. Bxe5+ Ka7 26. Nb6 Qa2 27. Ra1 Qxa1+ 28. Bxa1 Kxb6 29. a4 Bxa4 30. Bf6 Rd7 31. fxg5 hxg5 32. Qe2 Re8 33. Bxg5 e5 34. h4 e4 35. Qh5 Rd5 36. Qf7 Bc6 37. h5 exd3 38. h6 d2 39. Bxd2 Rxd2 40. h7 Re1+ 0-1

[Event "Senta op 21st"]
[Site "Senta"]
[Date "2017.07.29"]
[Round "6"]
[White "Otawa, Yuto"]
[Black "Meszaros, Bela"]
[Result "0-1"]
[WhiteElo "1893"]
[BlackElo "2185"]
[PlyCount "100"]
[EventDate "2017.07.24"]
[EventType "swiss"]
[EventRounds "9"]
[EventCountry "SRB"]
[SourceTitle "CBM 179 Extra"]
[Source "ChessBase"]
[SourceDate "2017.08.23"]
[SourceVersion "1"]
[SourceVersionDate "2017.08.23"]
[SourceQuality "1"]

1. d4 Nf6 2. c4 g6 3. Nc3 Bg7 4. e4 d6 5. f3 0-0 6. Be3 Nbd7 7. Qd2 e5 8. Nge2 c6 9. d5 cxd5 10. cxd5 Nh5 11. g4 Nf4 12. Nxf4 exf4 13. Bxf4 Ne5 14. Be2 a6 15. Bg5 f6 16. Bh6 f5 17. Bg5 Bf6 18. Bxf6 Qxf6 19. gxf5 Qh4+ 20. Kd1 gxf5 21. Kc2 f4 22. Rag1+ Kh8 23. Qe1 Qe7 24. h4 b5 25. Kb1 Bd7 26. h5 b4 27. Nd1 a5 28. Qh4 Qf7 29. Nf2 Rac8 30. Rc1 Qg7 31. h6 Qf7 32. Rxc8 Rxc8 33. Rc1 Rg8 34. Nd3 Ng6 35. Qf2 Qf6 36. Qa7 Nf8 37. Qxa5 Qxh6 38. Qxb4 Rg2 39. Qd4+ Kg8 40. Rg1 Rg3 41. Qf2 Qg7 42. Rxg3 fxg3 43. Qg1 h5 44. Nf4 h4 45. Bf1 Qh6 46. Ne2 Qd2 47. a3 Bb5 48. Nxg3 Qe1+ 49. Kc2 hxg3 50. Qg2 Bxf1 0-1

[Event "Senta op 21st"]
[Site "Senta"]
[Date "2017.07.25"]
[Round "2"]
[White "Kovacs, Arthur"]
[Black "Meszaros, Bela"]
[Result "1/2-1/2"]
[WhiteElo "1970"]
[BlackElo "2185"]
[PlyCount "163"]
[EventDate "2017.07.24"]
[EventType "swiss"]
[EventRounds "9"]
[EventCountry "SRB"]
[SourceTitle "CBM 179 Extra"]
[Source "ChessBase"]
[SourceDate "2017.08.23"]
[SourceVersion "1"]
[SourceVersionDate "2017.08.23"]
[SourceQuality "1"]

1. d4 Nf6 2. Nf3 g6 3. c4 Bg7 4. Nc3 0-0 5. e4 d6 6. Be2 Nbd7 7. 0-0 e5 8. Re1 Re8 9. Bf1 a5 10. Rb1 exd4 11. Nxd4 Nc5 12. f3 c6 13. Be3 Nh5 14. Qd2 Qe7 15. Rbd1 Bf6 16. Nb3 Ne6 17. Qxd6 Qxd6 18. Rxd6 a4 19. Nd2 Be5 20. c5 Bxd6 21. cxd6 b5 22. e5 f5 23. g4 Nhf4 24. Kf2 Rf8 25. Kg3 b4 26. Nd1 Nd5 27. gxf5 Rxf5 28. Nc4 Ba6 29. f4 g5 30. Bh3 gxf4+ 31. Kh4 Bxc4 32. Bxf5 Nxe3 33. Nxe3 fxe3 34. Rxe3 Bxa2 35. Rd3 Bc4 36. Rg3+ Kf7 37. Rg4 Bd5 38. Rxb4 Ra7 39. Bxh7 c5 40. Rb8 Nf8 41. Bf5 c4 42. Rb5 Be6 43. Kg5 c3 44. bxc3 a3 45. Rb1 a2 46. Ra1 Bxf5 47. Kxf5 Ra5 48. Ke4 Ke6 49. Kd3 Nd7 50. Kc2 Nxe5 51. Kb3 Nd3 52. Kc2 Nc5 53. Kb2 Kxd6 54. Rxa2 Nd3+ 55. Kb1 Rb5+ 56. Kc2 Nc5 57. Ra8 Nb7 58. Rh8 Rf5 59. Rh4 Kc5 60. Rg4 Rf2+ 61. Kd3 Rxh2 62. Rg5+ Kc6 63. Rg6+ Nd6 64. Rf6 Kc5 65. Rg6 Rh3+ 66. Kc2 Ne4 67. Rg8 Rxc3+ 68. Kb2 Rd3 69. Rc8+ Kb4 70. Rb8+ Kc4 71. Rc8+ Nc5 72. Kc2 Rd5 73. Rh8 Ne6 74. Rc8+ Kd4 75. Rh8 Nc5 76. Rh4+ Ne4 77. Kb3 Rb5+ 78. Kc2 Rc5+ 79. Kb3 Rb5+ 80. Kc2 Rb4 81. Rh8 Rb6 82. Rh4 1/2-1/2

[Event "Subotica-ch op"]
[Site "Subotica"]
[Date "2017.03.08"]
[Round "7"]
[White "Nadj Hedjesi, Balind"]
[Black "Meszaros, Bela"]
[Result "1-0"]
[WhiteElo "2328"]
[BlackElo "2203"]
[PlyCount "95"]
[EventDate "2017.02.22"]
[EventType "swiss"]
[EventRounds "9"]
[EventCountry "SRB"]
[SourceTitle "CBM 177 Extra"]
[Source "ChessBase"]
[SourceDate "2017.04.27"]
[SourceVersion "1"]
[SourceVersionDate "2017.04.27"]
[SourceQuality "1"]

1. e4 c5 2. Ne2 Nc6 3. d4 cxd4 4. Nxd4 e6 5. Nc3 Qc7 6. Be3 a6 7. Be2 Nf6 8. a3 Be7 9. f4 d6 10. g4 b5 11. Nxc6 Qxc6 12. Bf3 Bb7 13. Rf1 d5 14. exd5 exd5 15. Bd4 0-0 16. Qd2 Ne4 17. Bxe4 dxe4 18. 0-0-0 a5 19. f5 b4 20. f6 bxc3 21. Qg5 cxb2+ 22. Kb1 g6 23. Qh6 Qxc2+ 24. Kxc2 Rfc8+ 25. Kxb2 Bf8 26. Qe3 Rab8 27. Ka1 Ba6 28. Rf2 Bd3 29. Rxd3 exd3 30. Qxd3 Rd8 31. Qe3 Re8 32. Qc1 Re6 33. Rc2 Rbe8 34. Ka2 h6 35. Rc8 a4 36. Rxe8 Rxe8 37. Qc6 Re2+ 38. Kb1 Re1+ 39. Ka2 Re2+ 40. Bb2 Rxh2 41. Qxa4 h5 42. gxh5 gxh5 43. Qd1 Bc5 44. Qd8+ Bf8 45. Qd5 h4 46. a4 h3 47. Qg5+ Kh8 48. Qh4+ 1-0

[Event "Subotica-ch op"]
[Site "Subotica"]
[Date "2017.02.24"]
[Round "2"]
[White "Meszaros, Bela"]
[Black "Jovanovic, Milan B"]
[Result "1-0"]
[WhiteElo "2203"]
[BlackElo "2047"]
[PlyCount "75"]
[EventDate "2017.02.22"]
[EventType "swiss"]
[EventRounds "9"]
[EventCountry "SRB"]
[SourceTitle "CBM 177 Extra"]
[Source "ChessBase"]
[SourceDate "2017.04.27"]
[SourceVersion "1"]
[SourceVersionDate "2017.04.27"]
[SourceQuality "1"]

1. e4 c5 2. Nf3 g6 3. d4 cxd4 4. Nxd4 Bg7 5. c4 d6 6. Nc3 Nf6 7. Be2 0-0 8. 0-0 Nc6 9. Be3 Re8 10. h3 Bd7 11. Qd2 Nxd4 12. Bxd4 Bc6 13. Qe3 b6 14. e5 Nd7 15. e6 Bxd4 16. exf7+ Kxf7 17. Qxd4 Nf6 18. Rad1 Qd7 19. f4 Qf5 20. b4 Ne4 21. Bd3 Nxc3 22. Qxc3 Qf6 23. Qc2 Rac8 24. f5 g5 25. Rde1 g4 26. hxg4 Qd4+ 27. Rf2 Rg8 28. Qe2 Rc7 29. Qe6+ Kg7 30. Be4 Bxe4 31. Rxe4 Qf6 32. Qd5 Rf8 33. Rff4 a5 34. g5 Qa1+ 35. Rf1 Qc3 36. f6+ exf6 37. gxf6+ Kh8 38. f7 1-0

[Event "Senta op 20th"]
[Site "Senta"]
[Date "2016.07.23"]
[Round "3"]
[White "Meszaros, Bela"]
[Black "Vranic, Ljubomir"]
[Result "1-0"]
[WhiteElo "2232"]
[BlackElo "2152"]
[PlyCount "115"]
[EventDate "2016.07.22"]
[EventType "swiss"]
[EventRounds "9"]
[EventCountry "SRB"]
[SourceTitle "EXT 2017"]
[Source "ChessBase"]
[SourceDate "2016.10.25"]
[SourceVersion "1"]
[SourceVersionDate "2016.10.25"]
[SourceQuality "1"]

1. e4 d6 2. d4 Nf6 3. Nc3 Nbd7 4. Nf3 e5 5. Bc4 Be7 6. 0-0 0-0 7. Re1 c6 8. a4 a5 9. Ba2 h6 10. h3 Nh7 11. Be3 Ng5 12. Nd2 Ne6 13. d5 Nec5 14. Nc4 Qc7 15. Qf3 Na6 16. dxc6 bxc6 17. Rad1 Nb4 18. Bb3 Ba6 19. Rd2 Nf6 20. Na3 Rad8 21. Red1 Kh8 22. Bc4 Bb7 23. Bb3 Ba6 24. g4 Nh7 25. Qg3 Ng5 26. h4 Ne6 27. g5 hxg5 28. hxg5 g6 29. Qh2+ Kg8 30. Kg2 Ng7 31. Qh6 d5 32. Rh1 Nh5 33. Rxh5 gxh5 34. g6 fxg6 35. Qxg6+ Kh8 36. Qxh5+ Kg8 37. Qg6+ Kh8 38. Rd1 Bh4 39. Rh1 Qh7 40. Qxh7+ Kxh7 41. Rxh4+ Kg6 42. exd5 cxd5 43. Bb6 Rc8 44. Bxa5 Nc6 45. Bb6 d4 46. Ncb5 Kg5 47. Rh3 Rf4 48. Rg3+ Rg4 49. Rxg4+ Kxg4 50. Be6+ Kf4 51. Bxc8 Bxc8 52. Nd6 Be6 53. Nab5 Nb4 54. c3 dxc3 55. Be3+ Kg4 56. bxc3 Nd5 57. c4 Nb4 58. Nc7 1-0

[Event "Senta op 19th"]
[Site "Senta"]
[Date "2015.07.13"]
[Round "4"]
[White "Andrijevic, Milan"]
[Black "Meszaros, Bela"]
[Result "1-0"]
[WhiteElo "2268"]
[BlackElo "2206"]
[PlyCount "55"]
[EventDate "2015.07.11"]
[EventType "swiss"]
[EventRounds "9"]
[EventCountry "SRB"]
[SourceTitle "EXT 2016"]
[Source "ChessBase"]
[SourceDate "2015.10.08"]
[SourceVersion "1"]
[SourceVersionDate "2015.10.08"]
[SourceQuality "1"]

1. e4 c5 2. Nf3 d6 3. d4 cxd4 4. Nxd4 Nf6 5. Nc3 a6 6. Be2 e6 7. 0-0 Be7 8. f4 Qc7 9. Kh1 0-0 10. Qe1 b5 11. Bf3 Bb7 12. e5 dxe5 13. fxe5 Nfd7 14. Qg3 Kh8 15. Bf4 Nc5 16. a3 Nc6 17. Nxc6 Bxc6 18. Bg5 Bxg5 19. Qxg5 a5 20. Bxc6 Qxc6 21. Rf3 Ne4 22. Qg4 f5 23. exf6 Nxf6 24. Raf1 Rfb8 25. Qg5 Qd7 26. Qe5 b4 27. Ne4 Ng4 28. Qxb8+ 1-0

[Event "Subotica-ch"]
[Site "Subotica"]
[Date "2011.03.09"]
[Round "8"]
[White "Meszaros, Bela"]
[Black "Pletl, Akos"]
[Result "0-1"]
[WhiteElo "2307"]
[BlackElo "2228"]
[PlyCount "160"]
[EventDate "2011.02.21"]
[EventType "swiss"]
[EventRounds "9"]
[EventCountry "SRB"]
[SourceTitle "CBM 141 Extra"]
[Source "ChessBase"]
[SourceDate "2011.05.03"]
[SourceVersion "1"]
[SourceVersionDate "2011.05.03"]
[SourceQuality "1"]

1. d4 d5 2. c4 c6 3. Nc3 e5 4. dxe5 d4 5. Ne4 Qa5+ 6. Bd2 Qxe5 7. Ng3 Nf6 8. Nf3 Qc5 9. Qc2 Be6 10. e3 dxe3 11. fxe3 Bd6 12. Ne4 Nxe4 13. Qxe4 Nd7 14. Bc3 Nf6 15. Qd4 0-0-0 16. 0-0-0 Ng4 17. Re1 f6 18. Qxc5 Bxc5 19. Nd4 Bd7 20. h3 Nf2 21. Rg1 Rhe8 22. g4 Ne4 23. Bd3 Nxc3 24. bxc3 g6 25. Rgf1 Be7 26. Kc2 Rf8 27. e4 Bd6 28. Rf3 Be5 29. c5 Rh8 30. Bc4 Rde8 31. Kd3 Re7 32. Rg1 b5 33. cxb6 axb6 34. a4 Kc7 35. h4 Rd8 36. Ke3 c5 37. Ne2 Bxa4 38. Nf4 Bc6 39. Rc1 Bxf4+ 40. Rxf4 f5 41. gxf5 gxf5 42. Bd3 fxe4 43. Be2 Rg8 44. Rf6 Rg3+ 45. Kf4 Rg2 46. Ke3 Reg7 47. c4 R7g3+ 48. Kf4 Rf2+ 49. Kxg3 Rxf6 50. h5 Kd6 51. Rd1+ Ke5 52. Rd8 Rd6 53. Rg8 Kd4 54. Rg7 Rh6 55. Kh4 Ke3 56. Bg4 Kd2 57. Kg5 Rd6 58. Rxh7 e3 59. Re7 Ba4 60. h6 Bc2 61. h7 Rd8 62. Kf6 Rh8 63. Rd7+ Ke1 64. Bf5 Bxf5 65. Kxf5 e2 66. Kg6 Kf2 67. Rf7+ Ke3 68. Re7+ Kd2 69. Rd7+ Kc3 70. Re7 Kxc4 71. Rxe2 b5 72. Kg7 Rxh7+ 73. Kxh7 b4 74. Kg6 Kd3 75. Rh2 c4 76. Rh3+ Kc2 77. Kf5 c3 78. Ke4 b3 79. Rh1 b2 80. Kd4 Kb3 0-1

[Event "Subotica-ch"]
[Site "Subotica"]
[Date "2008.03.05"]
[Round "8"]
[White "Meszaros, Bela"]
[Black "Vidic, Stevan"]
[Result "1-0"]
[WhiteElo "2306"]
[BlackElo "2280"]
[PlyCount "99"]
[EventDate "2008.02.18"]
[EventType "swiss"]
[EventRounds "9"]
[EventCountry "YUG"]
[SourceTitle "CBM 123 Extra"]
[Source "ChessBase"]
[SourceDate "2008.05.06"]
[SourceVersion "1"]
[SourceVersionDate "2008.05.06"]
[SourceQuality "1"]

1. e4 c5 2. Nf3 Nc6 3. d3 g6 4. g3 Bg7 5. Bg2 d6 6. 0-0 e5 7. c3 Nge7 8. Be3 0-0 9. Nbd2 h6 10. Nh4 g5 11. Nhf3 Be6 12. h4 f6 13. Re1 b6 14. Nc4 d5 15. exd5 Bxd5 16. hxg5 fxg5 17. Ncd2 Qd7 18. Qe2 Rae8 19. Ne4 Be6 20. Nh2 Nf5 21. Nf1 Nce7 22. a3 Nd5 23. b4 cxb4 24. axb4 Rc8 25. Rac1 Nfe7 26. Bd2 Bg4 27. f3 Bh3 28. Bxh3 Qxh3 29. Nf2 Qf5 30. Kg2 Ng6 31. c4 Nf6 32. Ne3 Qd7 33. Rh1 h5 34. Nf1 g4 35. fxg4 Nxg4 36. Ne4 h4 37. Ne3 Nxe3+ 38. Bxe3 Rcd8 39. Rcd1 Qc6 40. b5 Qe6 41. Ng5 Qf5 42. Rhf1 Nf4+ 43. gxf4 exf4 44. Bxf4 Rde8 45. Qf3 Qg6 46. Kh1 Rf5 47. Nh3 Ref8 48. Rg1 Qe6 49. Rg4 R8f7 50. Ng5 1-0